000
00294nam a22001097a 4500
082
_a
821/PER
100
_a
Pereira,Michelle
_9
83150
245
_a
Inner World Poems for those who are on the fence About reading Poetry
260
_a
Delhi
_b
Michelle pereira
_c
2024
650
_a
Poetry
942
_c
BK
999
_c
67935
_d
67935